| 000 | 00476nam a2200193Ia 4500 | ||
|---|---|---|---|
| 008 | 170918s9999 xx 000 0 und d | ||
| 020 | _a9780590275682 | ||
| 050 | _bG448 1994 | ||
| 100 | _aGibson, Akimi | ||
| 245 | _aSmall treasure / | ||
| 245 | _cAkimi Gibson ; illustrated by Elivia Savadier. | ||
| 260 | _aNew York : | ||
| 260 | _bScholastic, | ||
| 260 | _c1994 | ||
| 300 | _a16 pages : | ||
| 300 | _bcolored illustration ; | ||
| 300 | _c19cm. | ||
| 500 | _a180 | ||
| 999 |
_c342463 _d342463 |
||